000 00408nam a22001457a 4500
020 _a9788126554232
040 _cNUST
082 _a510.2462 KRE
100 _aKreyszig, Erwin
245 _aAdvanced Engineering Mathematics:
_bInternational Student Version
250 _a10th Edition
260 _aNew Delhi:
_bJohn Willey & Sons,
_c2016.
650 _aDME TEXTBOOK.MATHEMATICS
_991752
942 _2ddc
_cTEXT
999 _c589872
_d589872